000 00317nam a2200121Ia 4500
005 20251222154357.0
008 251222s9999||||xx |||||||||||||| ||spa||
020 _a84-313-0758-7
082 _a323/H41
100 _a"Hervada,JavierZumaquero, José M."
245 0 _aJuan Pablo II y los derechos humanos
942 _cLIB
999 _c35147
_d35147